000 00640nam a22002177a 4500
003 UA-OsUOA
001 112184
007 ta
008 20150622b un ||||| |||| 00| 0 ukr d
100 _aПанченко В.
090 _a82
_bП16
942 _cSA
040 _aUA-OsUOA
_bukr
_cUA-OsUOA
_dUA-OsUOA
245 _aДва епізоди із життя Миколи Зерова ( до 125-річчя від дня народження неокласика)
300 _aС.77-82
955 _a0
041 _aukr
080 _a82
773 0 _w112177
650 7 _a82 Література. Літературознавство
_2UDC
999 _c398274
_d398274